La política de bienestar social (Record no. 155718)
[ view plain ]
| 000 -LEADER | |
|---|---|
| fixed length control field | 01048nam a22002537a 4500 |
| 005 - DATE AND TIME OF LATEST TRANSACTION | |
| control field | 20210507132808.0 |
| 008 - FIXED-LENGTH DATA ELEMENTS--GENERAL INFORMATION | |
| fixed length control field | 210507b ag ||||| |||| 00| 0 spa d |
| 020 ## - INTERNATIONAL STANDARD BOOK NUMBER | |
| International Standard Book Number | 9507244859 |
| 050 04 - LIBRARY OF CONGRESS CALL NUMBER | |
| Classification number | HV40 |
| Item number | C66 1995 |
| 111 2# - MAIN ENTRY--MEETING NAME | |
| Meeting name or jurisdiction name as entry element | Consulta interregional sobre políticas y programas de bienestar social para el desarrollo |
| Number of part/section/meeting | (2nd : |
| Date of meeting | 7-15 de septiembre de 1987 : |
| Location of meeting | Viena, Austria ) |
| 245 13 - TITLE STATEMENT | |
| Title | La política de bienestar social |
| Remainder of title | : tendencias, problemas y enfoques actuales |
| Statement of responsibility, etc | / Naciones Unidas ; directores Ezequiel Ander-Egg, María José Aguilar Idáñez. |
| 250 ## - EDITION STATEMENT | |
| Edition statement | 1a ed. |
| 260 ## - PUBLICATION, DISTRIBUTION, ETC. (IMPRINT) | |
| Place of publication, distribution, etc | Buenos Aires, Argentina : |
| Name of publisher, distributor, etc | Lumen, |
| Date of publication, distribution, etc | 1995. |
| 300 ## - PHYSICAL DESCRIPTION | |
| Extent | 118 p. ; |
| Dimensions | 22 cm. |
| 490 0# - SERIES STATEMENT | |
| Series statement | Política, servicios y trabajo social. |
| 500 ## - GENERAL NOTE | |
| General note | Incluye índice. |
| 650 #7 - SUBJECT ADDED ENTRY--TOPICAL TERM | |
| Source of heading or term | lemb |
| Topical term or geographic name as entry element | Servicio social |
| Form subdivision | Congresos |
| 650 #7 - SUBJECT ADDED ENTRY--TOPICAL TERM | |
| Source of heading or term | lemb |
| Topical term or geographic name as entry element | Política social |
| Form subdivision | Congresos |
| 650 #4 - SUBJECT ADDED ENTRY--TOPICAL TERM | |
| Topical term or geographic name as entry element | Bienestar público |
| Form subdivision | Congresos |
| 700 1# - ADDED ENTRY--PERSONAL NAME | |
| Personal name | Ander-Egg, Ezequiel, |
| Relator term | director |
| 700 1# - ADDED ENTRY--PERSONAL NAME | |
| Personal name | Aguilar Idáñez, María José, |
| Relator term | director |
| 710 2# - ADDED ENTRY--CORPORATE NAME | |
| Corporate name or jurisdiction name as entry element | Naciones Unidas |
| 942 ## - ADDED ENTRY ELEMENTS (KOHA) | |
| Source of classification or shelving scheme | Biblioteca del Cogreso de los Estados Unidos |
| Koha item type | Libro |
| Estado de pérdida | Fuente de clasificación | Estado del daño | No para préstamo | Ubicación permanente | Ubicación actual | Apartado o colección | Fecha de adquisición | Fuente de adquisición | Edición | Área del conocimiento | Total Checkouts | Clasificación | Código de Barras | Date last seen | Número de copia | Costo por reposición | Tipo de recurso |
|---|---|---|---|---|---|---|---|---|---|---|---|---|---|---|---|---|---|
| Biblioteca del Cogreso de los Estados Unidos | Biblioteca del Instituto de Investigaciones Económicas y Empresariales | Biblioteca del Instituto de Investigaciones Económicas y Empresariales | General | 07/05/2021 | Unidad Académica | 1a ed. | Ciencias Sociales y Administrativas | HV40 C66 1995 | IIE000006745 | 07/05/2021 | 1 | 174.40 | Libro |